000 00894nam a2200217 i 4500
001 13914
003 ES-MaACL
005 20230906150705.0
007 t|
008 970320s1995 sp ||||0| spa
020 _a84-600-9250-X
080 _a1 Unamuno, Miguel de
100 1 _aEreño Altuna, José Antonio.
_947381
245 1 0 _aDe psicología de los pueblos y de folklore
_b: con motivo de tres textos desconocidos de Unamuno /
_cJosé Antonio Ereño Altuna.
260 _aBilbao :
_bJ.A. Ereño,
_c1995 (
_eErandio :
_fA.G. Rontegui)
300 _a75 p ;
_c26 cm.
594 _aIncluye (p. 49-67) tres artículos de Unamuno publ. en: Revista crítica de historia y de literatura españolas, 1895.
600 1 4 _aUnamuno, Miguel de,
_d1864-1936-
_xCrítica e interpretación
_9111984
852 _aES-MaACL
_jL-21179
_z- Dedicatoria autógrafa del autor
999 _c13914
_d13914